Science Quiz

Random Science Quiz

BiologyVocab Quiz Stats

 Plays Quiz not verified by Sporcle

Score 0/20 Timer 10:00
0 Plays Today
hint answer % Correct
the basic units of lifecell
100%
contains the cells DNAnucleus
78.6%
diffusion of water through a semi-permeable membraneosmosis
64.3%
the solution with the lesser concentration of soluteshypotonic
57.1%
strong supporting layer around the cell membranecell wall
50%
the solution with the greater concentration of soluteshypertonic
50%
process in which a cell takes material into the cell by infolding of the cell membraneendocytosis
50%
when the concentration of two solutions is the same isotonic
42.9%
process by which molecules form an area where they are more concentrated to an area where they are less concentrateddiffusion
42.9%
process by which extensions of cytoplasm surround and engulf large particles and take them into the cellphagocytosis
42.9%
hint answer % Correct
process by which a cell releases large amounts of materialexocytosis
42.9%
cells that contain nucleieukaryotes
35.7%
cells that do not have nucleiprokaryotes
35.7%
movement of specific molecules across cell membranes through protein channelsfacilitated diffusion
35.7%
double-layered sheet that forms the core of cell membraneslipid bilayer
28.6%
process by which a cell takes in a liquid from the surrounding environmentpinocytosis
28.6%
a fundamental concept of biologycell theory
21.4%
the mass solute in a given volume or massconcentration
21.4%
when the concentration of a solute is the same throughout a solutionequilibrium
21.4%
regulates what enters the cellcell membranes
7.1%

You're not logged in!

Compare scores with friends on all Sporcle quizzes.
OR
Log In

You Might Also Like...

Show Comments

Extras

Created Feb 15, 2011ReportNominate

Top Quizzes Today


Score Distribution

Your Account Isn't Verified!

In order to create a playlist on Sporcle, you need to verify the email address you used during registration. Go to your Sporcle Settings to finish the process.

Report this User

Report this user for behavior that violates our Community Guidelines.

Details: